000 01077nam a2200289 a 4500
001 000043524
003 DO-SdBNP
005 20250618091306.0
008 140324s2013 dr 000 f spa d
020 _a9789945412901
040 _aDO-SdBNP
_bspa
_cBNPHU
082 4 _aRD863.5
_bB533t
_222
100 1 _aBerroa, Fernando,
_d1983-
_971259
245 1 3 _aEl Turno de los Malos ;
_bQuisqueya sommers : experimento 65 /
_cFernando Berrroa, Oliver Batista Lemaire.
260 _aSanto Domingo :
_bFunglode,
_c2013.
300 _a218 p. ;
_c23 cm.
490 0 _aFunglode
501 _aEncuadernado con: Quisqueya summers: experimento 65
563 _aDos obras encuadernadas juntas con paginación continua
586 _aPremios Funglode de novela Federico García Godoy 2012
650 0 _aNovela dominicana
_9223
650 0 _aLiteratura dominicana.
_967
700 1 _aBastista Lemaire, Olivier
_tQuisqueya summers: experimento 65
_971260
710 2 _aFundación Global Democracía y Desarrollo
_925477
910 _aValidado. Control de calidad MFF
942 _2ddc
_cLBS1
999 _c43013
_d43013